000 00652nam a22002052 4500
001 0000001070
005 20151217151805.0
008 070223s xx 000 0 eng d
020 _a086012312X :
040 _aKABU
_cKABU
050 0 _aBV4400
_b.L68
100 1 _aLovell, George.
_@0000149585
245 1 0 _aConsultancy, ministry and mission :
_ba handbook for practitioners and work consultants in Christian organizations /
_cGeorge Lovell.
260 _aLondon :
_bBurns & Oates,
_c2000.
300 _axii, 441 p.
650 0 _aChurch work.
_@0000149586
908 _a070223
950 _@1
999 _c5063
_d5063